000 00344 a2200109 4500
001 ART_57663
005 20260410162050.0
008 260409a
245 1 0 _aExención de ganancias para asociaciones civiles, fundaciones y mutuales
100 1 _aTonnelier, Alejandro
773 0 _tImpuestos
_g- N° 139 (ene. 2023)
_wREV45175
999 _c35703
_d35703